000 00356nam a22001577a 4500
003 SGT
020 _a978-0198789277
082 _a617.632
_bP18W
100 _a Richard Welbury
245 _aPaediatric Dentistry
250 _a5TH
260 _aNEW DELHI
_bOxford University Press
_c2018
300 _a1-389
650 _aPEDODONTICS
942 _2ddc
_cBK
999 _c20889
_d20889